000 00952nam a22002177a 4500
003 OSt
005 20170608093045.0
008 140214b2008 slv spa
040 _cBMC
082 _a630.7284
100 1 _935712
_aSandoval Solís, Dennis Daniel
245 1 0 _aPasantía en Fundación Salvadoreña para Investigaciones del Café
_b: Informe final
_cDennis Daniel Sandoval Solìs
260 _aSanta Ana (El Salvador)
_bUniversidad Católica de El Salvador
_c2008
300 _a37 h.
_c27 cm
_e+ 1 disco compacto
500 _aPrecede al tít.: Universidad Católica de El Salvador, Facultad de Ingeniería y Arquitectura
501 _aPeriodo de realización: del 06 de febrero al 07 de agosto de 2008
502 _aPara optar al grado académico de Ingeniero Agrónomo
650 2 4 _933273
_aAgronomía
_zEl Salvador
710 2 _91166
_aUniversidad Católica de El Salvador
_bFacultad de Ingeniería y Arquitectura
942 _2ddc
_cTG
999 _c22031
_d22031